000 00477nam a2200157 i 4500
001 50024
003 ES-MaACL
005 20230906162114.0
007 t|
008 030728s1968 sp ||||1| spa d
100 1 _aCriado de Val, Manuel.
_941605
245 1 3 _aEl verbo español /
_cM. Criado de Val.
260 _a[Madrid :
_bSociedad Anónima Española de Traductores y Autores,
_c[1968]
300 _a457 p., 1 gráf. pleg. ;
_c24 cm.
852 _aES-MaACL
_jC-35514
_bR.68751
999 _c50024
_d50024